000 00298nam a2200133 i 4500
001 bg
100 1 _aPERLAKI, I.
245 0 _aInnowacje w organizacji /
_cI. Perlaki.
260 _aWarszawa,
_c1983.
040 _cBPK
041 _apol
942 _cKS
008 s pl f |000 0 pol
999 _c21962
_d21962
856 _uhttp://koha.tu.koszalin.pl/cgi-bin/koha/opac-detail.pl?biblionumber=21962
_yKatalog online BPK